[Event "ch-RUS Blitz 2016"]
[Site "Sochi RUS"]
[Date "2016.10.04"]
[Round "12.13"]
[White "Potapov, Pavel"]
[Black "Zakhartsov, Vladimir"]
[Result "1/2-1/2"]
[WhiteTitle "GM"]
[BlackTitle "IM"]
[WhiteElo "2493"]
[BlackElo "2452"]
[WhiteFideId "4169786"]
[BlackFideId "4145097"]
[EventDate "2016.10.04"]

1. e4 c5 2. c3 Nf6 3. e5 Nd5 4. Bc4 Nb6 5. Bb3 Nc6 6. Nf3 c4 7. Bc2 d6 8. exd6
Qxd6 9. O-O g6 10. Re1 Bg7 11. b3 O-O 12. Na3 cxb3 13. axb3 Nb4 14. d4 Nxc2 15.
Qxc2 Bf5 16. Qe2 Be6 17. c4 Bg4 18. Bb2 Nc8 19. h3 Bd7 20. Ne5 Be8 21. Nc2 Rb8
22. Ba3 Qd8 23. Rad1 b5 24. Bc5 a5 25. Nf3 Rb7 26. d5 Nd6 27. Bd4 bxc4 28. Bxg7
Kxg7 29. bxc4 Ba4 30. Rc1 Bxc2 31. Rxc2 Kg8 32. c5 Nf5 33. Qe5 Qc7 34. c6 Ra7
35. Qxc7 Rxc7 36. g4 Nd6 37. Nd4 Ra8 38. Ra1 a4 39. Rca2 Rca7 40. Kg2 a3 1/2-1/2

[Event "ch-RUS Blitz 2016"]
[Site "Sochi RUS"]
[Date "2016.10.04"]
[Round "12.14"]
[White "Sakaev, Konstantin"]
[Black "Afanasiev, Nikita"]
[Result "1/2-1/2"]
[WhiteTitle "GM"]
[BlackTitle "FM"]
[WhiteElo "2594"]
[BlackElo "2280"]
[WhiteFideId "4104226"]
[BlackFideId "24183555"]
[EventDate "2016.10.04"]

1. d4 d6 2. Nf3 Bg4 3. c4 Nd7 4. Nc3 Ngf6 5. e4 e5 6. Be2 c6 7. O-O Be7 8. Be3
O-O 9. d5 a5 10. h3 Bh5 11. Nd2 Bg6 12. b3 Ne8 13. Nf3 Qc7 14. Rc1 Nc5 15. Nd2
Nf6 16. Bf3 Nfd7 17. Qe2 Qd8 18. a3 Bg5 19. Ra1 Bxe3 20. Qxe3 Qb6 21. Rfb1 Ra6
22. Ra2 Qa7 23. Rab2 Ra8 24. Be2 Qb8 25. b4 axb4 26. axb4 Na4 27. Nxa4 Rxa4 28.
dxc6 bxc6 29. b5 Nc5 30. f3 h6 31. Nb3 Ra3 32. Qf2 Na4 33. Rc2 c5 34. Qe1 Nb6
35. Qd2 Kh7 36. Kh2 R8a4 37. Nc1 f6 38. Rb3 Ra1 39. Qc3 1/2-1/2

[Event "ch-RUS Blitz 2016"]
[Site "Sochi RUS"]
[Date "2016.10.04"]
[Round "12.15"]
[White "Dreev, Aleksey"]
[Black "Belyakov, Bogdan"]
[Result "1-0"]
[WhiteTitle "GM"]
[BlackTitle "IM"]
[WhiteElo "2660"]
[BlackElo "2487"]
[WhiteFideId "4100107"]
[BlackFideId "24104795"]
[EventDate "2016.10.04"]

1. d4 Nf6 2. Nf3 g6 3. g3 Bg7 4. Bg2 O-O 5. O-O d6 6. b3 c5 7. c4 Nc6 8. Bb2 Ne4
9. Nbd2 Nxd2 10. Qxd2 cxd4 11. Nxd4 Nxd4 12. Bxd4 Bxd4 13. Qxd4 Qa5 14. Rfc1 Rb8
15. Bd5 b6 16. h4 Qc5 17. Qd2 Bb7 18. h5 e6 19. b4 Qc7 20. Bxb7 Rxb7 21. h6 Qe7
22. Rc3 Rd8 23. Rd1 Rbd7 24. Rd3 f5 25. Qc3 Qg5 26. Rxd6 Qe7 27. c5 Rxd6 28.
Rxd6 Rc8 29. Rxe6 Qf8 30. Qc4 Qf7 31. c6 b5 32. Qd4 Qf8 33. Qd5 Qf7 34. c7 1-0

[Event "ch-RUS Blitz 2016"]
[Site "Sochi RUS"]
[Date "2016.10.04"]
[Round "12.16"]
[White "Bryzgalin, Kirill"]
[Black "Timofeev, Artyom"]
[Result "0-1"]
[WhiteTitle "GM"]
[BlackTitle "GM"]
[WhiteElo "2424"]
[BlackElo "2601"]
[WhiteFideId "4133285"]
[BlackFideId "4140419"]
[EventDate "2016.10.04"]

1. d4 Nf6 2. c4 b6 3. f3 Nc6 4. d5 Na5 5. e4 e5 6. Bd2 Nxe4 7. fxe4 Qh4+ 8. g3
Qxe4+ 9. Qe2 Qxh1 10. Qxe5+ Kd8 11. Bg5+ f6 12. Bxf6+ gxf6 13. Qxf6+ Ke8 14.
Qe5+ Kf7 15. Qf5+ Kg8 16. Nf3 d6 17. Qg5+ Kf7 18. Qh5+ Ke7 19. Kf2 Bg7 20. Nc3
Rf8 21. Re1+ Kd8 0-1

[Event "ch-RUS Blitz 2016"]
[Site "Sochi RUS"]
[Date "2016.10.04"]
[Round "12.17"]
[White "Sadovsky, Artem"]
[Black "Moskalenko, Alexander"]
[Result "0-1"]
[BlackTitle "IM"]
[WhiteElo "2414"]
[BlackElo "2490"]
[WhiteFideId "4155840"]
[BlackFideId "4155351"]
[EventDate "2016.10.04"]

1. e4 d5 2. exd5 Nf6 3. Nf3 Bg4 4. Bb5+ Nbd7 5. Nc3 a6 6. Be2 Nb6 7. Ne5 Bxe2 8.
Qxe2 Nbxd5 9. Nxd5 Qxd5 10. O-O e6 11. d3 Nd7 12. Nc4 Be7 13. Bf4 Rc8 14. c3 O-O
15. d4 b5 16. Ne3 Qe4 17. Bg3 c5 18. Rad1 Nb6 19. Rfe1 Rfd8 20. Be5 f6 21. f3
Qc6 22. Bg3 cxd4 23. cxd4 Bb4 24. Rf1 Nd5 25. Ng4 Ne7 26. a3 Ba5 27. Bf2 Qc4 28.
Qe4 f5 29. Qb7 fxg4 30. Qxe7 gxf3 31. gxf3 Re8 32. Qb7 Qc6 33. Qxc6 Rxc6 34. d5
exd5 35. Rxd5 Re2 36. Bd4 Rd2 37. Rf2 Rd1+ 38. Kg2 Bb6 39. Bxb6 Rxd5 40. Be3 Rd3
41. Bf4 Rf6 42. Bg3 Re6 43. Rc2 Kf7 44. Bf4 Rg6+ 45. Kf2 Rf6 46. Kg3 h6 47. h4
Rd7 48. Kg4 Rg6+ 49. Kf5 Rf6+ 50. Kg4 Rg6+ 51. Kf5 Rg1 52. Be5 Rf1 53. Rg2 g6+
54. Ke4 Re1+ 55. Kf4 Rd5 56. Bc3 Rf5+ 57. Kg3 Re3 58. Rf2 h5 59. Bd4 Rd3 60. Bc3
Ke6 61. Kg2 Kd5 62. Bg7 Kc4 63. Rc2+ Kb3 64. Rc6 a5 65. Rxg6 Rdxf3 66. Rg5 b4
67. axb4 axb4 68. Rg6 Rd3 69. Re6 Rf4 70. Bf6 Rc4 71. Re2 Rc2 0-1

[Event "ch-RUS Blitz 2016"]
[Site "Sochi RUS"]
[Date "2016.10.04"]
[Round "12.18"]
[White "Hasangatin, Ramil"]
[Black "Lugovskoy, Maxim"]
[Result "0-1"]
[WhiteTitle "GM"]
[BlackTitle "IM"]
[WhiteElo "2505"]
[BlackElo "2436"]
[WhiteFideId "4122160"]
[BlackFideId "24126454"]
[EventDate "2016.10.04"]

1. e4 e6 2. d3 d5 3. Qe2 Nf6 4. g3 b6 5. Bg2 Bb7 6. e5 Nfd7 7. Nf3 c5 8. c4 dxc4
9. dxc4 Nc6 10. O-O Be7 11. Re1 Qc7 12. Nc3 a6 13. h4 h6 14. g4 O-O-O 15. Bf4 g5
16. hxg5 hxg5 17. Bg3 Rh6 18. Nd5 Qb8 19. Rad1 Rdh8 20. Rd2 Bd8 21. Red1 Nd4 22.
Nxd4 cxd4 23. Rxd4 Nf8 24. Kf1 Ng6 25. f3 exd5 26. cxd5 Nf4 27. Rxf4 gxf4 28.
Bxf4 Qc7 29. Qd2 Qc4+ 30. Kf2 Bh4+ 31. Kg1 Qc5+ 32. Be3 Qf8 33. d6 Kb8 34. Qd4
Bd8 35. Bf4 Re6 36. Rc1 Qg7 37. Qc4 Bg5 38. Qc7+ Ka7 39. Rc6 Bxf4 40. Qxb6+ Ka8
41. Rc7 Rb8 42. Bf1 Qxe5 43. Kg2 Qe3 0-1

[Event "ch-RUS Blitz 2016"]
[Site "Sochi RUS"]
[Date "2016.10.04"]
[Round "12.19"]
[White "Sychev, Klementy"]
[Black "Scherbakov, Mikhail"]
[Result "1-0"]
[WhiteTitle "IM"]
[WhiteElo "2445"]
[BlackElo "2188"]
[WhiteFideId "4114060"]
[BlackFideId "34130184"]
[EventDate "2016.10.04"]

1. d4 Nf6 2. Nf3 c5 3. d5 e6 4. Nc3 g6 5. e4 exd5 6. e5 Ne4 7. Nxd5 Qa5+ 8. c3
d6 9. Bd3 f5 10. exf6 Bf5 11. g4 c4 12. f7+ Kd8 13. gxf5 Qxd5 14. Bxe4 Qxe4+ 15.
Be3 Qxf5 16. Bd4 Nc6 17. Bxh8 Kd7 18. O-O Bh6 19. Bd4 Rf8 20. Be3 g5 21. Nd4
Qxf7 22. Qg4+ 1-0

[Event "ch-RUS Blitz 2016"]
[Site "Sochi RUS"]
[Date "2016.10.04"]
[Round "12.20"]
[White "Shcherbin, Matvei"]
[Black "Matinian, Nikita"]
[Result "0-1"]
[WhiteTitle "IM"]
[BlackTitle "IM"]
[WhiteElo "2366"]
[BlackElo "2495"]
[WhiteFideId "24125164"]
[BlackFideId "24129100"]
[EventDate "2016.10.04"]

1. e4 e5 2. Nf3 Nc6 3. d4 exd4 4. Nxd4 Bc5 5. Nb3 Bb6 6. a4 a6 7. Nc3 Nge7 8.
Bg5 f6 9. Bf4 O-O 10. Be2 f5 11. Bg3 fxe4 12. Nxe4 d5 13. Nec5 Nf5 14. O-O Nxg3
15. hxg3 Qd6 16. Nd3 Qxg3 17. Bf3 Qd6 18. a5 Ba7 19. Qd2 Rxf3 20. gxf3 Qg3+ 21.
Kh1 Qxf3+ 22. Kh2 Qh5+ 23. Kg3 Qh3+ 24. Kf4 Qg4# 0-1

[Event "ch-RUS Blitz 2016"]
[Site "Sochi RUS"]
[Date "2016.10.04"]
[Round "13.1"]
[White "Artemiev, Vladislav"]
[Black "Andreikin, Dmitry"]
[Result "1-0"]
[WhiteTitle "GM"]
[BlackTitle "GM"]
[WhiteElo "2663"]
[BlackElo "2736"]
[WhiteFideId "24101605"]
[BlackFideId "4158814"]
[EventDate "2016.10.04"]

1. e4 c5 2. Nf3 Nc6 3. Bb5 Nf6 4. Bxc6 dxc6 5. d3 Bg4 6. h3 Bh5 7. Nbd2 Nd7 8.
Nc4 Qc7 9. g4 Bg6 10. Bd2 e5 11. Nh4 f6 12. Nxg6 hxg6 13. h4 Be7 14. Qf3 Nf8 15.
O-O-O O-O-O 16. g5 Kb8 17. Qg3 Ne6 18. gxf6 gxf6 19. Qxg6 Rdg8 20. Qf5 Nd4 21.
Qh3 f5 22. exf5 Rxh4 23. Qe3 Nxf5 24. Qxe5 Qxe5 25. Nxe5 Kc8 26. Nf3 Rxh1 27.
Rxh1 Rf8 28. Rh3 Bf6 29. c3 b6 30. Kc2 Ne7 31. Nh2 Be5 32. Ng4 Bc7 33. Rh6 Kd7
34. Be3 Nd5 35. Rh7+ Kc8 36. Rg7 a5 37. a4 Rf5 38. Bd2 b5 39. axb5 cxb5 40. Ne3
Rh5 41. Nxd5 Rxd5 42. c4 bxc4 43. dxc4 Rd4 44. b3 a4 45. Be3 axb3+ 46. Kxb3 Re4
47. Bxc5 Re1 48. Be3 Rb1+ 49. Kc2 Ra1 50. Kd3 Ra2 51. Ke4 Ra5 52. c5 Ra6 53. Kd5
Rf6 54. Bd4 Rf5+ 55. Kc6 Bd8 56. Rg8 Rf7 57. Be3 Rf6+ 58. Kd5 Kc7 59. Rxd8 Rf5+
60. Ke4 1-0

[Event "ch-RUS Blitz 2016"]
[Site "Sochi RUS"]
[Date "2016.10.04"]
[Round "13.2"]
[White "Ponkratov, Pavel"]
[Black "Savchenko, Boris"]
[Result "1/2-1/2"]
[WhiteTitle "GM"]
[BlackTitle "GM"]
[WhiteElo "2589"]
[BlackElo "2613"]
[WhiteFideId "4157800"]
[BlackFideId "4147332"]
[EventDate "2016.10.04"]

1. d4 Nf6 2. Nf3 e6 3. c4 c5 4. d5 b5 5. dxe6 fxe6 6. cxb5 Be7 7. g3 O-O 8. Bg2
Bb7 9. O-O a6 10. bxa6 Nxa6 11. Nc3 Nb4 12. b3 d5 13. Bb2 d4 14. Na4 Bd6 15. a3
Nbd5 16. Rc1 Qe7 17. Nh4 Ng4 18. e4 Rxf2 19. Qxg4 Ne3 20. Qh5 Rxg2+ 21. Nxg2
Nxf1 22. Rxf1 Bxe4 23. Re1 Qb7 24. Nxc5 Bxc5 25. Qxc5 Bxg2 26. Qxd4 Bd5 27. b4
Rf8 28. Rf1 Rc8 29. Rc1 Rf8 30. Qe5 Qf7 31. Bd4 Ba8 32. h4 Qb7 33. Qxg7+ Qxg7
34. Bxg7 Kxg7 35. b5 Rf3 36. Rc7+ Kf6 37. Ra7 Rxg3+ 38. Kh2 Rg2+ 39. Kh3 Bd5 40.
Rxh7 Rb2 41. a4 Rb3+ 42. Kg4 Rb4+ 43. Kg3 Rxa4 44. Rh8 Rb4 45. Rb8 e5 46. b6 Kf5
47. Rf8+ Ke6 48. Rb8 Kd6 49. h5 Be4 50. h6 Kc5 51. Re8 Kd4 52. Rd8+ Ke3 53. Re8
Rb5 54. b7 Rxb7 55. Rxe5 Rh7 56. Re6 Rh8 57. Kg4 Rg8+ 58. Kh5 Kf4 59. Rxe4+ 1/2-1/2

[Event "ch-RUS Blitz 2016"]
[Site "Sochi RUS"]
[Date "2016.10.04"]
[Round "13.4"]
[White "Khairullin, Ildar"]
[Black "Popov, Ivan RUS"]
[Result "1/2-1/2"]
[WhiteTitle "GM"]
[BlackTitle "GM"]
[WhiteElo "2630"]
[BlackElo "2596"]
[WhiteFideId "4151348"]
[BlackFideId "4170350"]
[EventDate "2016.10.04"]

1. e4 e6 2. d4 d5 3. Nd2 c5 4. Ngf3 cxd4 5. Nxd4 Nf6 6. exd5 Nxd5 7. N2f3 Bb4+
8. Bd2 O-O 9. Bc4 Bxd2+ 10. Qxd2 Nb6 11. Bb3 N8d7 12. Qc3 Nf6 13. O-O Bd7 14.
Ne5 Rc8 15. Qf3 Qc7 16. Rfe1 Ba4 17. c3 a6 18. h3 Bxb3 19. axb3 Nbd7 20. Nxd7
Nxd7 21. b4 Nb6 22. b5 axb5 23. Nxb5 Qc6 24. Nd4 1/2-1/2

[Event "ch-RUS Blitz 2016"]
[Site "Sochi RUS"]
[Date "2016.10.04"]
[Round "13.5"]
[White "Alekseev, Evgeny"]
[Black "Khismatullin, Denis"]
[Result "0-1"]
[WhiteTitle "GM"]
[BlackTitle "GM"]
[WhiteElo "2636"]
[BlackElo "2617"]
[WhiteFideId "4138147"]
[BlackFideId "4142578"]
[EventDate "2016.10.04"]

1. Nf3 d5 2. e3 Nf6 3. c4 e6 4. b3 Bd6 5. Bb2 O-O 6. Be2 b6 7. O-O Bb7 8. Nc3 a6
9. d4 Nbd7 10. Qc2 Qe7 11. a3 dxc4 12. bxc4 c5 13. d5 exd5 14. Nxd5 Nxd5 15.
cxd5 Nf6 16. Rad1 Rfe8 17. Ng5 h6 18. Bxf6 Qxf6 19. Qh7+ Kf8 20. Ne4 Bxh2+ 21.
Kxh2 Qh4+ 22. Kg1 Qxe4 23. Qxe4 Rxe4 24. Bf3 Ra4 25. Rb1 b5 26. Rfc1 c4 27. Rc3
Rd8 28. e4 Ke7 29. Bd1 Ra5 30. f3 Kd6 31. Kf2 Kc5 32. Ke3 Re8 33. Kd2 Bc8 34. g4
Bd7 35. Bc2 f6 36. Ke3 Rh8 37. Rh1 Rb8 38. Rb1 Re8 39. Kd2 Rh8 40. Rh1 Kd4 41.
Re3 Rb8 42. Rc3 b4 43. axb4 Rxb4 44. Rd1 Ra2 45. Rc1 Rbb2 46. Kd1 Ke5 0-1

[Event "ch-RUS Blitz 2016"]
[Site "Sochi RUS"]
[Date "2016.10.04"]
[Round "13.6"]
[White "Bologan, Victor"]
[Black "Bocharov, Dmitry"]
[Result "0-1"]
[WhiteTitle "GM"]
[BlackTitle "GM"]
[WhiteElo "2640"]
[BlackElo "2611"]
[WhiteFideId "13900048"]
[BlackFideId "4138716"]
[EventDate "2016.10.04"]

1. e4 d6 2. d4 Nf6 3. Bd3 e5 4. c3 g6 5. Nf3 Nc6 6. O-O Bg7 7. Re1 O-O 8. Be3
exd4 9. cxd4 Nb4 10. Nc3 Nxd3 11. Qxd3 Re8 12. h3 c6 13. Bg5 h6 14. Bf4 d5 15.
e5 Nh7 16. Qd2 g5 17. Bg3 Nf8 18. Nh2 Bf5 19. Nd1 Ne6 20. Ne3 Bg6 21. Rad1 a5
22. Rf1 Qe7 23. f4 gxf4 24. Bxf4 Qb4 25. Qf2 h5 26. a3 Qb6 27. Bg3 Nxd4 28. Kh1
Ne6 29. Nf3 Bh6 30. Nxd5 Qxf2 31. Nf6+ Kh8 32. Rxf2 Red8 33. Rff1 Rxd1 34. Rxd1
Rd8 35. Rxd8+ Nxd8 36. Be1 a4 37. Ne8 Ne6 38. Nd6 b5 39. Kg1 Be3+ 40. Kh2 Kg8
41. g3 Nd4 42. Nxd4 Bxd4 43. Bc3 Bc5 44. Kg2 Kf8 45. Kf3 Ke7 46. Ne4 Bb6 47. Kf4
Ke6 48. Ng5+ Kd5 49. g4 hxg4 50. Kxg4 Bc7 51. Kf4 f6 52. Nf3 Bh5 53. Ke3 Bxf3
54. Kxf3 Bxe5 55. Bxe5 Kxe5 56. Kg4 f5+ 57. Kg5 f4 58. Kg4 Ke4 59. h4 f3 60. Kg3
Ke3 61. h5 f2 0-1

[Event "ch-RUS Blitz 2016"]
[Site "Sochi RUS"]
[Date "2016.10.04"]
[Round "13.7"]
[White "Grachev, Boris"]
[Black "Romanov, Evgeny"]
[Result "0-1"]
[WhiteTitle "GM"]
[BlackTitle "GM"]
[WhiteElo "2628"]
[BlackElo "2619"]
[WhiteFideId "4129199"]
[BlackFideId "4148843"]
[EventDate "2016.10.04"]

1. d4 Nf6 2. Nf3 e6 3. Bf4 c5 4. e3 Nc6 5. c3 d5 6. Nbd2 Be7 7. h3 Bd6 8. dxc5
Bxc5 9. Bd3 O-O 10. O-O h6 11. Qe2 Re8 12. e4 e5 13. Bh2 d4 14. Nb3 Bb6 15. cxd4
exd4 16. Rad1 Be6 17. e5 Bd5 18. Rfe1 Nd7 19. Be4 Bxb3 20. axb3 Ndxe5 21. Nxe5
Nxe5 22. Bxe5 Rxe5 23. Bh7+ Kxh7 24. Qxe5 Kg8 25. Rd3 Qd7 26. h4 Rd8 27. Rg3 g6
28. Rd3 h5 29. g3 Qc6 30. Qe2 Kg7 31. Qe5+ Kg8 32. Qe2 Kg7 33. Qe4 Qd7 34. Qe5+
Kg8 35. Qe4 Rc8 36. Kg2 Kg7 37. Qe5+ Kg8 38. Qe4 Kg7 39. Re2 Kg8 40. Qf3 Rc1 41.
Qe4 Rc8 42. Qe5 Rd8 43. Re1 Rc8 44. Qe4 Rd8 45. Qe7 Qd5+ 46. Kg1 Rc8 47. Qe4 Qd7
48. Kg2 Rd8 49. Red1 Rc8 50. R1d2 Re8 51. Qf3 Rd8 52. Re2 Rc8 53. Re4 Rd8 54.
Kh2 Rc8 55. Qf6 Rc6 56. Qe7 Qd5 57. Qe8+ Kh7 58. Qe5 Qxe5 59. Rxe5 Rc2 60. Rf3
Rc7 61. Rd5 Kg7 62. Kg2 Re7 63. b4 Rc7 64. b5 Re7 65. Kf1 Rc7 66. b3 Rc1+ 67.
Kg2 Rc7 68. Rf4 Re7 69. Rf3 Kf8 70. Rd6 Rc7 71. Rxg6 0-1

[Event "ch-RUS Blitz 2016"]
[Site "Sochi RUS"]
[Date "2016.10.04"]
[Round "13.8"]
[White "Matlakov, Maxim"]
[Black "Zakhartsov, Vladimir"]
[Result "1/2-1/2"]
[WhiteTitle "GM"]
[BlackTitle "IM"]
[WhiteElo "2691"]
[BlackElo "2452"]
[WhiteFideId "4168003"]
[BlackFideId "4145097"]
[EventDate "2016.10.04"]

1. d4 Nf6 2. Bf4 g6 3. Nc3 d5 4. e3 Bg7 5. h4 h6 6. Nf3 O-O 7. Nb5 Na6 8. Be2
Ne4 9. Nd2 Nxd2 10. Qxd2 c6 11. Nc3 Bf5 12. g4 Be6 13. O-O-O Qa5 14. Kb1 b5 15.
Nxd5 Qd8 16. Nb4 Nxb4 17. Qxb4 Qd5 18. b3 a5 19. Qc5 Qxc5 20. dxc5 a4 21. b4 a3
22. Rd4 Bxd4 23. exd4 Bd5 24. Re1 Kg7 25. c4 bxc4 26. Kc2 f6 27. Kc3 g5 28. hxg5
hxg5 29. Bg3 Kf7 30. Bxc4 e6 31. Bxd5 exd5 32. Rb1 Rfe8 33. b5 cxb5 34. Rxb5 Re1
35. Rb7+ Kg6 36. Rb6 Rc1+ 37. Kb3 Rb1+ 38. Kc3 Rc1+ 39. Kb3 Rb1+ 40. Kc2 Ra1 41.
Kb3 Rb1+ 42. Kc3 Ra1 1/2-1/2

[Event "ch-RUS Blitz 2016"]
[Site "Sochi RUS"]
[Date "2016.10.04"]
[Round "13.9"]
[White "Dreev, Aleksey"]
[Black "Chigaev, Maksim"]
[Result "0-1"]
[WhiteTitle "GM"]
[BlackTitle "IM"]
[WhiteElo "2660"]
[BlackElo "2551"]
[WhiteFideId "4100107"]
[BlackFideId "4108116"]
[EventDate "2016.10.04"]

1. d4 Nf6 2. Nf3 g6 3. g3 Bg7 4. Bg2 O-O 5. O-O d6 6. b3 e5 7. dxe5 Nfd7 8. Nc3
Nxe5 9. Nxe5 Bxe5 10. Bb2 Nc6 11. Qd2 Re8 12. Rad1 a5 13. Rfe1 Bd7 14. Qc1 Be6
15. Nd5 Bxd5 16. Bxd5 Qf6 17. Bxe5 Qxe5 18. a3 Nd4 19. Bxb7 Nxe2+ 20. Rxe2 Qxe2
21. Bxa8 Rxa8 22. Re1 Qf3 23. Qe3 Qxe3 24. Rxe3 Kf8 25. Kg2 c5 26. a4 d5 27. Re5
Rd8 28. Kf3 Rd6 29. Ke3 f6 0-1

[Event "ch-RUS Blitz 2016"]
[Site "Sochi RUS"]
[Date "2016.10.04"]
[Round "13.10"]
[White "Sychev, Klementy"]
[Black "Rakhmanov, Aleksandr"]
[Result "1/2-1/2"]
[WhiteTitle "IM"]
[BlackTitle "GM"]
[WhiteElo "2445"]
[BlackElo "2662"]
[WhiteFideId "4114060"]
[BlackFideId "4173708"]
[EventDate "2016.10.04"]

1. d4 Nf6 2. Nf3 g6 3. c4 d6 4. g3 Bg7 5. Bg2 c6 6. O-O O-O 7. Nc3 Bf5 8. Nh4
Be6 9. d5 cxd5 10. cxd5 Bd7 11. Be3 Na6 12. Bd4 Qa5 13. a3 Rfc8 14. Nf3 Nc7 15.
b4 Qa6 16. a4 Qc4 17. e4 Bg4 18. Re1 Bxf3 19. Bxf3 Nd7 20. Bxg7 Kxg7 21. Bg4 Rd8
22. Bxd7 Rxd7 23. Qd2 Na6 24. Rab1 Nxb4 25. Nb5 Nd3 26. Na3 Qa6 27. Re3 Nc5 28.
a5 b6 29. axb6 axb6 30. Qb2+ f6 31. Qxb6 Qxb6 32. Rxb6 Nxe4 33. Nc4 Nc5 34. Rc6
Rb7 35. Nb6 Rab8 36. Nc8 Kf7 37. Kg2 f5 38. h4 Ne4 39. f3 Nf6 40. Rd3 h5 41. Kh3
Ra8 42. Rd2 Ra5 43. Rxd6 Rc7 44. Rd8 Nxd5 45. R8xd5 Rxd5 46. Rxd5 Rxc8 47. f4
Rc6 48. Kg2 Rc2+ 49. Kf3 Ke6 50. Ra5 Kd6 51. Ra6+ Rc6 52. Ra5 Kc7 53. Rb5 Re6
54. Ra5 Kc6 55. Kf2 Kb6 56. Rd5 Rd6 57. Re5 e6 58. Kf3 Kc6 59. Kf2 Rd2+ 60. Ke3
Rd6 61. Kf2 Kd7 62. Ra5 Ke7 63. Ra7+ Kf6 64. Ra5 Rd5 65. Ra6 Ke7 66. Kf3 Rd6 67.
Ra7+ Kf6 68. Ra5 Rd3+ 69. Kf2 Rd4 70. Kf3 Re4 71. Ra6 Kg7 72. Ra7+ Kh6 73. Ra5 1/2-1/2

[Event "ch-RUS Blitz 2016"]
[Site "Sochi RUS"]
[Date "2016.10.04"]
[Round "13.11"]
[White "Lugovskoy, Maxim"]
[Black "Moskalenko, Alexander"]
[Result "1/2-1/2"]
[WhiteTitle "IM"]
[BlackTitle "IM"]
[WhiteElo "2436"]
[BlackElo "2490"]
[WhiteFideId "24126454"]
[BlackFideId "4155351"]
[EventDate "2016.10.04"]

1. e4 d5 2. exd5 Nf6 3. Bb5+ Bd7 4. Bc4 Bg4 5. f3 Bf5 6. Nc3 Nbd7 7. Nge2 Nb6 8.
Bb3 Nfxd5 9. Nxd5 Nxd5 10. d4 e6 11. O-O Be7 12. c4 Nf6 13. Be3 c6 14. Ng3 Bg6
15. f4 Ne4 16. Nxe4 Bxe4 17. Bc2 Bxc2 18. Qxc2 g6 19. Rad1 O-O 20. Qe4 Bf6 21.
d5 exd5 22. cxd5 Re8 23. Qf3 cxd5 24. Rxd5 Qe7 25. Bd4 Bxd4+ 26. Rxd4 Rad8 27.
Rdd1 Rxd1 28. Rxd1 Qc5+ 29. Qf2 Qb4 30. b3 1/2-1/2

[Event "ch-RUS Blitz 2016"]
[Site "Sochi RUS"]
[Date "2016.10.04"]
[Round "13.12"]
[White "Vitiugov, Nikita"]
[Black "Rozum, Ivan"]
[Result "0-1"]
[WhiteTitle "GM"]
[BlackTitle "GM"]
[WhiteElo "2721"]
[BlackElo "2590"]
[WhiteFideId "4152956"]
[BlackFideId "24104272"]
[EventDate "2016.10.04"]

1. e4 c6 2. d4 d5 3. e5 Bf5 4. h4 a6 5. Nc3 Qc7 6. Be3 h6 7. g4 Bd7 8. h5 e6 9.
f4 c5 10. Nf3 cxd4 11. Nxd4 Bb4 12. Qd3 Ne7 13. a3 Bxc3+ 14. bxc3 Nbc6 15. Bg2
Nxd4 16. Bxd4 Bb5 17. Qe3 Qc4 18. Kf2 Nc6 19. Bc5 Qa4 20. Rac1 Rc8 21. Bd6 Na5
22. Bb4 Nc4 23. Qa7 a5 24. Bc5 Ba6 25. Kg3 Qc6 26. Bf2 O-O 27. Qd4 Nxa3 28. Be1
Nb5 29. Qe3 Nxc3 30. Bf3 Qc5 31. Qxc5 Rxc5 32. f5 Rfc8 33. f6 Be2 34. g5 Bxf3
35. Kxf3 hxg5 36. Rg1 Ne4 37. Rb1 gxf6 38. exf6 R8c7 39. c3 Kh7 40. h6 b5 41.
Ra1 a4 0-1

[Event "ch-RUS Blitz 2016"]
[Site "Sochi RUS"]
[Date "2016.10.04"]
[Round "13.13"]
[White "Bryzgalin, Kirill"]
[Black "Morozevich, Alexander"]
[Result "0-1"]
[WhiteTitle "GM"]
[BlackTitle "GM"]
[WhiteElo "2424"]
[BlackElo "2683"]
[WhiteFideId "4133285"]
[BlackFideId "4116992"]
[EventDate "2016.10.04"]

1. d4 d5 2. Nf3 Bf5 3. c3 e6 4. Bf4 Bd6 5. Bg3 Nf6 6. e3 Ne4 7. Nbd2 Nxg3 8.
hxg3 h6 9. Qe2 c6 10. e4 Bh7 11. Qe3 Qb6 12. O-O-O Qa5 13. Kb1 Nd7 14. Bd3 Nf6
15. Qe2 dxe4 16. Nxe4 Bxe4 17. Bxe4 O-O 18. Bc2 Rfd8 19. Ne5 c5 20. Ng4 Be7 21.
Nxf6+ Bxf6 22. Rh5 Rac8 23. Qe4 Qb6 24. dxc5 Rxd1+ 25. Bxd1 Rxc5 26. Rxc5 Qxc5
27. Qe2 b5 28. Bc2 b4 29. Qe4 g6 30. Qxb4 Qxf2 31. a4 Kg7 32. Qb7 Bd8 33. Bb3
Bb6 34. Ka2 Qf5 35. Bc4 Qe5 36. g4 Kf6 37. Bb3 Qc7 38. Qf3+ Kg7 39. Qe4 Qc5 40.
Qf3 Qe5 41. Bc4 Qc5 42. Bb3 Qe5 43. Bc4 Qc7 44. Bb3 Qe5 45. Bc4 Qc5 46. Bb3 h5
47. Qe4 0-1

[Event "ch-RUS Blitz 2016"]
[Site "Sochi RUS"]
[Date "2016.10.04"]
[Round "13.14"]
[White "Sakaev, Konstantin"]
[Black "Yuffa, Daniil"]
[Result "0-1"]
[WhiteTitle "GM"]
[BlackTitle "IM"]
[WhiteElo "2594"]
[BlackElo "2534"]
[WhiteFideId "4104226"]
[BlackFideId "24131423"]
[EventDate "2016.10.04"]

1. d4 Nf6 2. c4 g6 3. Nc3 Bg7 4. Bf4 O-O 5. e3 c5 6. d5 d6 7. Nf3 Nh5 8. Bg5 h6
9. Bh4 g5 10. Nd2 gxh4 11. Qxh5 e6 12. Bd3 Qg5 13. Qxg5 hxg5 14. Nde4 Na6 15.
Nxg5 Nb4 16. O-O-O exd5 17. cxd5 Nxd3+ 18. Rxd3 c4 19. Rd2 Rb8 20. Nb5 Bd7 21.
Nxd6 b5 22. Nge4 Rb6 23. a4 f5 24. axb5 fxe4 25. Nxe4 Rxb5 26. Rc2 Rxd5 27. Rxc4
Rb8 28. Nc3 Ra5 29. Kc2 Bf5+ 30. e4 Be6 31. Rc6 Bb3+ 32. Kd2 Bf7 33. Rb1 Rd8+
34. Ke2 Re5 35. f3 Re7 36. Rd1 Rb8 37. Rd2 Reb7 38. Nd1 Bxb2 39. Nxb2 Rxb2 40.
Rc7 Rxd2+ 41. Kxd2 a5 42. Ra7 Rb2+ 43. Ke3 Ra2 44. g4 a4 45. g5 a3 46. Kf4 Ra1
47. Ke5 a2 48. Kf6 Rf1 49. Ra8+ Kh7 50. Kxf7 a1=Q 51. g6+ Kh6 52. Rxa1 Rxa1 53.
e5 Ra7+ 54. Kf6 Rg7 55. e6 Rxg6+ 56. Kf5 Rg8 57. Kf6 Rf8+ 58. Ke5 Rxf3 59. e7
Re3+ 0-1

[Event "ch-RUS Blitz 2016"]
[Site "Sochi RUS"]
[Date "2016.10.04"]
[Round "13.15"]
[White "Shaposhnikov, Evgeny"]
[Black "Nechaev, Oleg"]
[Result "1-0"]
[WhiteTitle "GM"]
[BlackTitle "FM"]
[WhiteElo "2557"]
[BlackElo "2358"]
[WhiteFideId "4122232"]
[BlackFideId "24113409"]
[EventDate "2016.10.04"]

1. e4 c5 2. Nf3 Nc6 3. Bb5 g6 4. Bxc6 dxc6 5. O-O Bg7 6. d3 b6 7. Nc3 Nf6 8. h3
O-O 9. Bf4 Ne8 10. Qd2 f6 11. a3 Nc7 12. b4 Ne6 13. bxc5 bxc5 14. Bh6 Bxh6 15.
Qxh6 c4 16. Rfd1 cxd3 17. cxd3 Qa5 18. Rac1 Qxa3 19. d4 Bd7 20. d5 Ng7 21. Nd4
cxd5 22. Nxd5 Rfc8 23. Ra1 Qc5 24. Ra6 Re8 25. Rxf6 exf6 26. Nxf6+ Kf7 27. Nxh7
Ba4 28. Ra1 1-0